| 000 | 00805nam a22002177a 4500 | ||
|---|---|---|---|
| 001 | 76508 | ||
| 003 | BD-RjUL | ||
| 005 | 20211209082843.0 | ||
| 008 | 191215s2019 bg ||||| |||| 00| 0 ben d | ||
| 020 | _a9789845171199 | ||
| 035 | _a(BD-RjUL)76731 | ||
| 040 |
_aBD-RjUL _beng _cBD-RjUL |
||
| 041 | _aeng | ||
| 082 |
_223 _a891.44092 _bHOA 2019 |
||
| 100 |
_aহোসেন, হোসনেয়ারা _9236423 |
||
| 245 |
_aঅনিয়মিত রোজনামচা ও কিছু বিক্ষিপ্ত ভাবনা / _cহোসনেয়ারা হোসেন |
||
| 260 |
_aঢাকা : _bনন্দিতা প্রকাশ, _c২০১৯ |
||
| 300 |
_a১৯৯ পৃ. ; _c২২ সেমি. |
||
| 650 |
_aAuthor, Bengali _xBiography _9236426 |
||
| 942 |
_2ddc _cBK |
||
| 999 |
_c76508 _d76508 |
||